00349 a2200121 4500001001000000005001700010008004100027245003500068100001600103700002000119773007100139999001700210ART_4382220260410162026.0260409a 10aTurnover in an accounting firm1 aLane, Julia1 aParkin, Michael0 tJournal of labor economicsg- Vol. 16, NÂș 4 (oct. 1998)wREV43438 c33529d33529